| 000 | 00787cam a2200241 a 4500 | ||
|---|---|---|---|
| 001 | 000013203 | ||
| 003 | DO-SdBNP | ||
| 005 | 20250320105256.0 | ||
| 008 | 791005s1973 cl a 000 0 spa | ||
| 040 |
_aDO-SdBNP _bspa _cBNPHU |
||
| 082 |
_aCh864.4 _bO98d |
||
| 100 | 1 |
_aOyarzún, Luis, _d1920-1972 _930292 |
|
| 245 | 1 | 0 |
_aDefensa de la tierra / _cLuis Oyarzún. |
| 260 |
_a[Santiago de Chile] : _bUniversitaria, _c1973. |
||
| 300 |
_axxv, 95 p. : _bil. ; _c19 cm. |
||
| 490 | 1 | _aImagen de Chile | |
| 650 | 4 |
_aEnsayos chilenos _930293 |
|
| 650 | 4 |
_aLiteratura chilena _93164 |
|
| 650 | 0 |
_aConservación de los recursos naturales _zChile _91562 _2LEMB |
|
| 650 | 4 |
_aNaturaleza _xInfluencia sobre los seres humanos _zChile _930295 |
|
| 830 | 0 |
_aImagen de Chile _930296 |
|
| 942 |
_2ddc _cLBS1 |
||
| 999 |
_c12842 _d12842 |
||